000 01328 a2200229 4500
001 268
005 20260407155418.0
008 260407a2001 arg spa d
003 AR-UNSa-BCEJYS
040 _aAR-UNSa-BCEJYS
_bspa
_cAR-UNSa-BCEJYS
080 _a347.74
_xContratos mercantiles (comerciales...leasing))
245 1 0 _aPráctica en contratos de empresa
_pcontratos clásicos
020 _a978-950-739-999-2
264 1 _aBuenos Aires :
_bErrepar
_c2001
300 _axviii, 894 p.
_c21 cm
505 _a1. Contrato de cesion de créditos - 2. Contrato de comisión - 3. Contrato de comodato comercial - 4. Contrato de compraventa comercial - 5. Contrato de corretaje - 6. Contrato de cuenta corriente mercantil - 7. Contrato de depósito comercial - 8. Contrato de fianza comercial - 9. Contrato de locación comercial - 10. Contrato de mandato comercial - 11. Contrato de mutuo comercial - 12. Contrato de prenda comercial - 13. Contrato de seguro - 14. Contrato de transferencia de fondo de comercio - 15. Contrato de transporte
041 _aspa
942 _cBK
590 _aniveau_biblio:m niveau_hierar:0
100 1 _aFavier Dubois, Eduardo Mario (h)
856 4 1 _uhttps://biblioeco.unsa.edu.ar/pmb/images/libros/Practica en contratos de empresas-contratos clasicos2-l117462.jpg
_yImagen de portada
_qimage/jpeg
999 _c180
_d180